000 00225 a2200097 4500
001 52914
100 _aLangacker R
245 _aLanguage and its Structure
260 _aNew York
_bHarcourt & Brace
_c
090 _c33262
_d33262
942 _aNUST-CAE
_cM
_c25850
999 _c287987
_d287987